000
00272nam a2200109Ia 4500
005
20251222114357.0
008
251222s1900||||xx |||||||||||||| ||spa||
082
_a
DVD0070/H97/1966
245
0
_a
La Biblia - En el Principio.
264
_b
De Laurentiis, Dino.
942
_c
DVD
999
_c
1497
_d
1497